| 000 | 01099 a2200241 4500 | ||
|---|---|---|---|
| 001 | 41086 | ||
| 005 | 20260407155704.0 | ||
| 008 | 260407a2005 arg spa d | ||
| 003 | AR-UNSa-BCEJYS | ||
| 040 |
_aAR-UNSa-BCEJYS _bspa _cAR-UNSa-BCEJYS |
||
| 080 |
_a347.736 _xQuiebra. Insolvencia. Suspensión de pagos. Bancarrota, procedimientos. Derecho Concursal |
||
| 245 | 1 | 0 |
_aHonorarios en los concursos _psegún la jurisprudencia |
| 020 | _a950-894-516-8 | ||
| 250 | _a2a. ed. | ||
| 264 | 1 |
_aBuenos Aires : _bAD-HOC _c2005 |
|
| 300 |
_a138 p. _c23 cm. |
||
| 505 | _a1. Oportunidad de la regulación - 2. Fuero de atracción - 3. Retribucción desproporcionada: apartamiento de los mínimos legales - 4. Convenio de honorarios - 5. Concurso preventivo - 6. Quiebra liquidada - 7. Pedido de quiebra - 8. Levantamiento sin trámite de la quiebra - 9. Extensión de la quiebra | ||
| 041 | _aspa | ||
| 942 | _cBK | ||
| 590 | _aniveau_biblio:m niveau_hierar:0 | ||
| 100 | 1 | _aAmadeo, José Luis | |
| 856 | 4 | 1 |
_uhttps://biblioeco.unsa.edu.ar/pmb/images/libros/L126353.jpg _yImagen de portada _qimage/jpeg |
| 999 |
_c3354 _d3354 |
||